| 000 | 00981nam a2200277 i 4500 | ||
|---|---|---|---|
| 001 | bg | ||
| 100 | 1 | _aZABIEGLIŃSKA, Barbara | |
| 245 | 1 | 0 |
_aJak obniżać koszty pracy? : _bformy zatrudnienia, ulgi, ubezpieczenia / _cBarbara Zabieglińska. |
| 260 |
_aWarszawa : _bWydawnictwo AD. Drągowski, _c2006. |
||
| 300 |
_a182 s. ; _c23 cm. |
||
| 490 | 1 | _aPoradnik Księgowego | |
| 650 | 9 |
_aPrzedsiębiorstwo _xzatrudnienie _zPolska |
|
| 650 | 9 |
_aPrawo pracy _zPolska _ystan na 2006 r. |
|
| 650 | 9 |
_aŚwiadczenia pracownicze _xprawo _zPolska _ystan na 2006 r. |
|
| 650 | 9 |
_aUbezpieczenia społeczne _xprawo _zPolska _ystan na 2006 r. |
|
| 655 | _aPoradniki | ||
| 830 | _aPoradnik Księgowego | ||
| 020 | _a8389604663 | ||
| 040 | _cBPK | ||
| 041 | 0 | _apol | |
| 080 | _a349.2:349.3:369](438) | ||
| 920 | _a83-89604-66-3 | ||
| 942 | _cKS | ||
| 008 | s pl f |000 0 pol | ||
| 999 |
_c51930 _d51930 |
||
| 856 |
_uhttp://koha.tu.koszalin.pl/cgi-bin/koha/opac-detail.pl?biblionumber=51930 _yKatalog online BPK |
||